000 00613nam a22001937a 4500
999 _c189966
_d189966
005 20220715105447.0
010 _aENG-133596
020 _a9788192960500
_c595.00
035 _aEN-117128
037 _bDBAD/PUB
082 _a769.954147
100 _aMukherjee,Basupurna
245 _aLost Art:Growth Development and Decline of Woodcut Prints in Calcutta/
_cby Basupurna Mukherjee
260 _aKolkata
_bSreejoni
_c2017
270 _a170/144,N.S.C.Bose Road,
_bKolkata
_e700040
300 _axvii;106p.:
_c25cm(Hb)
_bill.
700 _aRajesh Rajamohan
942 _2ddc
_cEN
_h769.954147
_mMUK